Parole de "Où est la vraie vie ?" - Statistiques

Statistiques générales
  • Ce quiz a été pris 41 fois
  • Le résultat moyen est 122 sur 185
Statistiques - réponses
Réponse % Correct
m'
100%
me
100%
s'
100%
d'
97%
de
97%
et
97%
j'
97%
je
97%
se
97%
à
93%
c'
93%
heure
93%
il
93%
la
93%
ma
93%
ne
93%
rêve
93%
Sept
93%
sept
93%
dehors
90%
faut
90%
heures
90%
nettoie
90%
ou
90%
90%
qu'
90%
que
90%
un
90%
brille
87%
chaque
87%
en
87%
est
87%
fait
87%
jusqu'
87%
lis
87%
livre
87%
maison
87%
placard
87%
poussière
87%
quart
87%
clair
83%
ensuite
83%
même
83%
chasse
80%
couleur
80%
demande
80%
deux
80%
qui
80%
trois
80%
vie
80%
ajoute
77%
moi
77%
vraie
77%
frotte
73%
vite
73%
cire,
70%
guitare
70%
plaisent
70%
puis
70%
quelques
70%
tricot
70%
gâteaux
67%
couleurs
63%
réveilles
60%
le
57%
quelquefois
53%
dans
47%
mat
40%
cookies
37%
danse
37%
fléchettes
37%
echec
33%
marionnette
33%
après-midi
30%
théâtre
30%
bougies
27%
classique
27%
puzzle
27%
papier-maché
23%
Pascal
23%
arts
20%
jour
20%
plus
20%
cette
17%
été
17%
gymnastiques
17%
je balaye
17%
mes
17%
mon
17%
poterie
17%
brosse
13%
corde
13%
épate
13%
les
13%
livres
13%
manque
13%
quoi
13%
soir
13%
suis
13%
anniversaire
10%
aventures
10%
cache
10%
chevelure
10%
comme
10%
lumières
10%
ressemble
10%
soirée
10%
sûre
10%
demain
7%
dois
7%
élèvent
7%
grande
7%
grandi
7%
plastiques
7%
prison
7%
relis
7%
ai
3%
aller
3%
pouvoir
3%
y
3%
Aucun quiz correspondant
Distribution des résultats
% des personnes avec chaque résultat
Percentile par nombre de réponses
Votre historique - résultats
Vous n’avez pas pris ce quiz